00490nmm a2200169Ia 4500008004100000020001800041041000800059100002100067245001800088264008600106300001600192490001400208650002200222856005200244942000700296999001700303251105s9999||||xx |||||||||||||||||und|| a9788412251623 aspa aBenedit, María 0aAlas de mujer a[Madrid, España] :bUtopía Libros, c[Fecha de publicación no identificada] a0 páginas aNarrativa aSpanish narrative uhttps://public.digitaliapublishing.com/a/100639 cCF c76190d76190